Central Library OPAC University of Rajshahi

Fungi as biocontrol agents : (Record no. 36975)

MARC details
000 -LEADER
fixed length control field 00956nam a22002774a 4500
001 - CONTROL NUMBER
control field 36975
003 - CONTROL NUMBER IDENTIFIER
rucl marc code BD-RjUL
005 - DATE AND TIME OF LATEST TRANSACTION
control field 20211209052550.0
008 - FIXED-LENGTH DATA ELEMENTS--GENERAL INFORMATION
fixed length control field 140924s2001 enkaf b 001 0 eng
020 ## - INTERNATIONAL STANDARD BOOK NUMBER
International Standard Book Number 0851993567 (alk. paper)
035 ## - SYSTEM CONTROL NUMBER
System control number (BD-RjUL)37077
040 ## - CATALOGING SOURCE
Original cataloging agency DLC
Transcribing agency DLC
Modifying agency DLC
-- BD-RjUL
Language of cataloging eng
041 ## - LANGUAGE CODE
Language code of text/sound track or separate title eng
082 00 - DEWEY DECIMAL CLASSIFICATION NUMBER
Classification number 632.96
Edition number 21
Author mark and year FUN 2001
245 00 - TITLE STATEMENT
Title Fungi as biocontrol agents :
Remainder of title progress problems and potential /
Statement of responsibility, etc. edited by T.M. Butt, C. Jackson, N. Magan.
260 ## - PUBLICATION, DISTRIBUTION, ETC. (IMPRINT)
Place of publication, distribution, etc. Oxon, UK ;
-- New York :
Name of publisher, distributor, etc. CABI Pub.,
Date of publication, distribution, etc. c2001.
300 ## - PHYSICAL DESCRIPTION
Pagination x, 390 p., [2] p. of plates :
Illustrations ill. (some col.) ;
Size 25 cm.
504 ## - BIBLIOGRAPHY, ETC. NOTE
Bibliography, etc Includes bibliographical references and index.
650 #0 - SUBJECT ADDED ENTRY--TOPICAL TERM
Topical term or geographic name as entry element Fungi as biological pest control agents.
9 (RLIN) 112965
700 1# - ADDED ENTRY--PERSONAL NAME
Personal name Butt, T. M.
Fuller form of name (Tariq M.)
Personal name Jackson, C.
Fuller form of name (Chris)
Personal name Magan, N.
Fuller form of name (Naresh)
942 ## - ADDED ENTRY ELEMENTS (KOHA)
Source of classification or shelving scheme Dewey Decimal Classification
Koha item type Books
Holdings
Lost status Source of classification or shelving scheme Damaged status Not for loan Permanent Location Current Location Shelving location Date acquired Source of acquisition Cost, normal purchase price Total Checkouts Full call number Date last seen Copy number Koha item type
  Dewey Decimal Classification   Not For Loan Institute of Biological Sciences (IBSc) Library Institute of Biological Sciences (IBSc) Library   20/05/2007 Karim International 798000.00   632.96 FUN 2001 24/09/2014 C-1 Books